Danish special forces (Jægerkorpset og Frømandskorpset) - Statistics

General Stats
  • This quiz has been taken 5 times
  • The average score is 4 of 11
Answer Stats
Question Answer % Correct
Members have been deployed to both Iraq and Afganistan. Both
50%
Has had around 311-350 people complete the training (Since it's beginning) Frømandskorpset
50%
Has a golden horn on their emblem. Jægerkorpset
50%
Allowed women to go through the same training as men in 2018. Jægerkorpset
50%
Has their main presence and base at Flyvestationen Aalborg. Jægerkorpset
50%
Civilians can seek into the base training course without any prior experience in the military. Jægerkorpset
50%
The modern version was created in1970. Frømandskorpset
25%
It was created in 1961 inspired by the british SAS. Jægerkorpset
25%
You can trace their origins back to another corpse from 1780. Jægerkorpset
25%
Has a woman who made it through the first course of the training. Both
0%
Had their first public known deplpyment in 1962, Congo. Frømandskorpset
0%
No matching quizzes found
Score Distribution
Percent of People with Each Score
Percentile by Number Answered
Your Score History
You have not taken this quiz